| LEADER | 00737cam a2200229 7i4500 | ||
|---|---|---|---|
| 001 | 0000018186 | ||
| 005 | 20170218090000.0 | ||
| 008 | 070926 eng | ||
| 020 | |a 1870941756 (pbk.) | ||
| 020 | |a 9781870941754 | ||
| 040 | |a Uk-D | ||
| 090 | 0 | 0 | |a HF5635 |b .L44 1991 |
| 100 | 1 | |a Lee, E | |
| 245 | 1 | 0 | |a Financial record keeping : |b an active-learning approach |c E. Lee & R. Jarvis. |
| 260 | |a London: |b DP Pub., |c 1991. | ||
| 300 | |a vi, 378 p.: |b ill.; |c 25 cm. | ||
| 500 | |a Includes index | ||
| 650 | 0 | 0 | |a Financial accounting |
| 700 | 1 | |a Jarvis, R | |
| 997 | |a Business & Accountancy, Faculty | ||
| 999 | |a 0000027769 |b BOK |c OPEN SHELF |e 1st Floor, Shah Alam | ||
| 999 | |a 0000027772 |b BOK |c OPEN SHELF |e 1st Floor, Shah Alam | ||


